000
00198nam a2200073Ia 4500
008
170524s9999 xx 000 0 und d
100
_a
ASHWATHAPPA- K
245
0
_a
PRODUCTION AND OPERATIONS MANAGEMENT
260
_b
HIMALYA PUB. HOUSE
999
_c
8137
_d
8137